The heritage of world civilization : (Record no. 8234)

MARC details
000 -LEADER
fixed length control field 01158cam a2200313 a 4500
001 - CONTROL NUMBER
control field 12775938
003 - CONTROL NUMBER IDENTIFIER
control field 20170424113130.0
005 - DATE AND TIME OF LATEST TRANSACTION
control field 20240606081051.0
008 - FIXED-LENGTH DATA ELEMENTS--GENERAL INFORMATION
fixed length control field 020515s2003 njua 000 0 eng
010 ## - LIBRARY OF CONGRESS CONTROL NUMBER
LC control number 2002007628
020 ## - INTERNATIONAL STANDARD BOOK NUMBER
International Standard Book Number 0130808288 (v. 1)
020 ## - INTERNATIONAL STANDARD BOOK NUMBER
International Standard Book Number 0130808334 (v. 2)
040 ## - CATALOGING SOURCE
Original cataloging agency DLC
Transcribing agency DLC
Modifying agency DLC
042 ## - AUTHENTICATION CODE
Authentication code pcc
050 00 - LIBRARY OF CONGRESS CALL NUMBER
Classification number D20
Item number .A87 2003
082 00 - DEWEY DECIMAL CLASSIFICATION NUMBER
Classification number 909
Edition information 21
245 00 - TITLE STATEMENT
Title The heritage of world civilization :
Remainder of title /
260 ## - PUBLICATION, DISTRIBUTION, ETC.
Place of publication, distribution, etc. London :
Name of publisher, distributor, etc. Prentice Hall,
Date of publication, distribution, etc. c2003.
300 ## - PHYSICAL DESCRIPTION
Extent 2 v. :
Other physical details ill. ;
Dimensions 24 cm.
505 0# - FORMATTED CONTENTS NOTE
Formatted contents note v. 1. The ancient world through the early modern era -- v. 2. The early modern era through the contemporary world.
650 #0 - SUBJECT ADDED ENTRY--TOPICAL TERM
Topical term or geographic name entry element World history
Form subdivision Sources.
650 #0 - SUBJECT ADDED ENTRY--TOPICAL TERM
Topical term or geographic name entry element Religions
General subdivision History
Form subdivision Sources.
650 #0 - SUBJECT ADDED ENTRY--TOPICAL TERM
Topical term or geographic name entry element History
General subdivision Philosophy.
700 1# - ADDED ENTRY--PERSONAL NAME
Personal name Rogers, Perry McAdow.
856 41 - ELECTRONIC LOCATION AND ACCESS
Materials specified Table of contents
Uniform Resource Identifier <a href="http://www.loc.gov/catdir/toc/fy034/2002007628.html">http://www.loc.gov/catdir/toc/fy034/2002007628.html</a>
906 ## - LOCAL DATA ELEMENT F, LDF (RLIN)
a 7
b cbc
c orignew
d 1
e ecip
f 20
g y-gencatlg
942 ## - ADDED ENTRY ELEMENTS (KOHA)
Source of classification or shelving scheme Library of Congress Classification
Koha item type Books
Holdings
Withdrawn status Lost status Source of classification or shelving scheme Damaged status Not for loan Home library Current library Date acquired Total checkouts Full call number Barcode Date last seen Price effective from Koha item type
    Library of Congress Classification     Murang'a University of Technology Library Murang'a University of Technology Library 24/04/2017   D20 .A87 2003 008844 30/08/2024 24/04/2017 Books